00243nam a2200109Ia 4500008004100000100001400041245002100055260002100076650001200097942000700109999001700116190216s9999||||xx |||||||||||||| ||und|| aLiv Shits 0aRadio Mapanangal bBhasha Institute aPhysics cBK c39360d39360